Statistics for Business : (Record no. 605501)

MARC details
000 -LEADER
fixed length control field 00472nam a2200181 a 4500
008 - FIXED-LENGTH DATA ELEMENTS--GENERAL INFORMATION
fixed length control field 251227s2011##################000#0#eng##
020 ## - INTERNATIONAL STANDARD BOOK NUMBER
ISBN 9780321123916
082 04 - DEWEY DECIMAL CLASSIFICATION NUMBER
Classification number 650.015195
Item number STI
100 1# - MAIN ENTRY--AUTHOR NAME
Personal name Stine, Robert A.,
245 10 - TITLE STATEMENT
Title Statistics for Business :
260 ## - PUBLICATION, DISTRIBUTION, ETC. (IMPRINT)
Name of publisher Addison-Wesley Professional,
Year of publication 2011.
650 #0 - SUBJECT ADDED ENTRY--TOPICAL TERM
Topical Term Business mathematics.
942 ## - ADDED ENTRY ELEMENTS (KOHA)
Koha item type English Books
Holdings
Withdrawn status Lost status Damaged status Not for loan Home library Current library Shelving location Date acquired Full call number Accession Number Price effective from Koha item type
        Anna Centenary Library Anna Centenary Library 6TH FLOOR, A WING 27.12.2025 650.015195 STI 212679 27.12.2025 English Books

Find us on the map